000 00291nam a22001337a 4500
008 170322b xxu||||| |||| 00| 0 eng d
020 _a9780781731928
041 _aeng
080 _24TH
_a616.12-008-073
100 _a7
101 _aSHM
245 _aECG WORKOUT
_cHUFF, J
942 _2udc
_cBK
999 _c8319
_d8319